Statistics for Countries Closest to Ghana

Click here to take the quiz!

General Stats

  • This quiz has been taken 3,559 times
  • The average score is 18 of 20

Answer Stats

kmcountrymiles% Correct
265Niger165
97%
169Nigeria105
96%
0Togo0
96%
0Côte d'Ivoire0
95%
0Burkina Faso0
94%
226Mali141
94%
43Benin27
93%
540Guinea336
92%
942Senegal585
92%
469Liberia292
90%
827Cameroon514
89%
1221Gambia759
89%
794Sierra Leone494
88%
1188Guinea-Bissau738
86%
1094Gabon680
85%
579Mauritania360
85%
1410Congo876
84%
947Algeria589
80%
859Equatorial Guinea534
80%
848São Tomé and Príncipe527
77%

Score Distribution

Percentile by Number Answered

Percent of People with Each Score

Your Score History

You have not taken this quiz